000
00301nam a22001337a 4500
008
181018b xxu||||| |||| 00| 0 eng d
020
_a
9780673467249
041
_a
eng
080
_2
9 ED
_a
159.9
100
_a
49
101
_a
PSI
245
_a
Abnormal Psychology
_c
Carson.r.c
942
_2
udc
_c
BK
999
_c
50088
_d
50088